00853nam a2200217u 45000010005000000030008000050050017000130080039000300350018000690400033000870410008001200820021001281000027001492450067001762600055002433000043002984900046003415040051003876510088004388560109005261819BD-RjUL20211208233423.01312 r19671959enkae 001 0 eng a(BD-RjUL)1846 aDLCcCarPdDLCdBD-RjULbeng aeng 216a320.942bPOH1 aPorter, Patrick Basil.10aHow the people of Britain are governed /cPatrick Basil Porter aLondon :bLongmans ,cc1959 [5th Impression 1967]. axxi, 194 p. :billus., plan. ;c19 cm.1 aThe Commonwealth history series, book - 3 aIncludes bibliographical references and index. 0aGreat BritainxPolitics and governmentxHandbooks, manuals, etc. [from old catalog] uhttp://www.worldcat.org/title/how-the-people-of-britain-are-governed/oclc/12350738&referer=brief_results